000 00447nam a2200181Ia 4500
001 15413
005 20260306170154.0
008 260306t2004||||xx |||||||||||||| ||und||
041 _aESP
082 _a540
_bB84 2004
100 _aBrown, Theodore L.
_eAUT
245 0 _aQuímica:
_bla ciencia central
260 _c2004
300 _axxxvii, 1045 páginas :, A32, I20
_c27 cm.
650 _aGEN
654 _aCCN
942 _cLIB
_dJUS
_fJUS
_2ddc
_n
999 _c15413
_d15413